000 00430 a2200169 4500
020 _a9781841693187
082 _a153
090 _c7464
_d7464
100 _aEsgate, Anthony
110 _aGroome, David
245 _aAn introduction to applied cognitive psychology
_cAnthony Esgate
260 _aNew York
_bPsychology Press
_c2005
300 _a327 p.
650 _aPsychology
700 _aAnthony Esgate
942 _cBK
_k153 ESG
999 _c11267
_d11267